[Event "Namangan op"]
[Site "Namangan"]
[Date "2025.05.30"]
[Round "2"]
[White "Rakhmatullaev, Muhammadsoli"]
[Black "Abdurakhmanov, Mukhmmadali"]
[Result "0-1"]
[WhiteElo "2105"]
[BlackElo "2368"]
[PlyCount "86"]
[EventDate "2025.05.29"]
[EventType "swiss"]
[EventRounds "9"]
[EventCountry "UZB"]
[SourceTitle "CB23_2025"]
[SourceDate "2025.06.04"]
[SourceVersion "1"]
[SourceVersionDate "2025.06.04"]
[SourceQuality "1"]

1. e4 g6 2. d4 Bg7 3. Nc3 d6 4. f4 a6 5. a4 Nf6 6. Nf3 0-0 7. Bd3 Nc6 8. 0-0 Bg4 9. e5 Nd7 10. Be3 Nb4 11. h3 Bxf3 12. Rxf3 Nxd3 13. Qxd3 e6 14. a5 Rc8 15. Ra4 Qe7 16. Ne4 d5 17. Nc5 Nxc5 18. dxc5 c6 19. Rb4 f6 20. exf6 Bxf6 21. Bd4 Qc7 22. Qc3 Bd8 23. Be5 Qd7 24. Rd4 Bc7 25. Bxc7 Qxc7 26. Re3 Rce8 27. Re5 Rf5 28. Rxf5 exf5 29. b4 Qe7 30. Kh2 Qe2 31. Rd3 Kf7 32. Rf3 h5 33. Kg3 h4+ 34. Kh2 Qe1 35. Qxe1 Rxe1 36. c3 Rd1 37. g3 Rd2+ 38. Kg1 hxg3 39. Rxg3 d4 40. cxd4 Rxd4 41. Rb3 Rxf4 42. Kg2 Kf6 43. Kg3 g5 0-1

[Event "Titled Tuesday intern op 20th May Late"]
[Site "Chess.com INT"]
[Date "2025.05.20"]
[Round "2"]
[White "Khanbutaev, Artemiy"]
[Black "Abdurakhmanov, Mukhmmadali"]
[Result "0-1"]
[WhiteElo "2059"]
[BlackElo "2368"]
[PlyCount "76"]
[EventDate "2025.05.20"]
[EventType "swiss (blitz)"]
[EventRounds "11"]
[EventCountry "USA"]
[SourceTitle "CB22_2025"]
[SourceDate "2025.05.28"]
[SourceVersion "1"]
[SourceVersionDate "2025.05.28"]
[SourceQuality "1"]

1. d4 a6 2. Bg5 h6 3. Bh4 d5 4. e3 Nd7 5. c4 c6 6. Nc3 Ngf6 7. Qb3 e6 8. Nf3 Be7 9. Bd3 0-0 10. 0-0 dxc4 11. Bxc4 b5 12. Be2 c5 13. dxc5 Nxc5 14. Qc2 Bb7 15. Rfd1 Qb6 16. a4 b4 17. a5 Qa7 18. Na4 Be4 19. Qc4 Bd5 20. Qf4 Nxa4 21. Rxa4 Bb3 22. Ne5 Bxa4 23. b3 Nd5 24. Rxd5 Bxh4 25. Rc5 Qxc5 26. bxa4 Qc1+ 27. Bf1 b3 28. Qe4 b2 29. g3 b1Q 30. Qxb1 Qxb1 31. gxh4 Rad8 32. Kg2 Rd1 33. Be2 Rg1+ 34. Kh3 Qf5+ 35. Ng4 h5 36. f3 hxg4+ 37. fxg4 Qf2 38. Bf3 Qxf3# 0-1

[Event "Karshi op 3rd"]
[Site "Karshi"]
[Date "2025.05.08"]
[Round "5"]
[White "Saydaliev, Akobirkhon"]
[Black "Abdurakhmanov, Mukhmmadali"]
[Result "1/2-1/2"]
[WhiteElo "2191"]
[BlackElo "2368"]
[PlyCount "62"]
[EventDate "2025.05.05"]
[EventType "swiss"]
[EventRounds "9"]
[EventCountry "UZB"]
[SourceTitle "CB20_2025"]
[SourceDate "2025.05.14"]
[SourceVersion "1"]
[SourceVersionDate "2025.05.14"]
[SourceQuality "1"]

1. e4 e5 2. Nf3 Nc6 3. Bb5 Nf6 4. d3 d6 5. c4 g6 6. Nc3 Bg7 7. 0-0 0-0 8. h3 Nd7 9. Bg5 f6 10. Be3 f5 11. Bg5 Nf6 12. Nd5 Ne7 13. Nxf6+ Bxf6 14. Bxf6 Rxf6 15. c5 dxc5 16. Nxe5 Kg7 17. Nf3 Be6 18. Ng5 Bg8 19. Qc2 b6 20. Rad1 a6 21. Bc4 Nc6 22. Bxg8 Qxg8 23. Nf3 Rd8 24. Qa4 Nd4 25. Nxd4 Rxd4 26. Qxa6 fxe4 27. dxe4 Rxe4 28. Rd7+ Rf7 29. Rfd1 Re1+ 30. Rxe1 Rxd7 31. Qe2 Qd5 1/2-1/2

[Event "Karshi op 3rd"]
[Site "Karshi"]
[Date "2025.05.07"]
[Round "4"]
[White "Abdurakhmanov, Mukhmmadali"]
[Black "Karimov, Shakhrombek"]
[Result "1-0"]
[WhiteElo "2368"]
[BlackElo "2043"]
[PlyCount "89"]
[EventDate "2025.05.05"]
[EventType "swiss"]
[EventRounds "9"]
[EventCountry "UZB"]
[SourceTitle "CB20_2025"]
[SourceDate "2025.05.14"]
[SourceVersion "1"]
[SourceVersionDate "2025.05.14"]
[SourceQuality "1"]

1. d4 Nf6 2. Nf3 g6 3. Nbd2 Bg7 4. e4 d6 5. Bb5+ c6 6. Bd3 0-0 7. 0-0 c5 8. c3 Nc6 9. dxc5 dxc5 10. Qc2 Ng4 11. Rd1 Qc7 12. Nf1 Rb8 13. h3 Nf6 14. Be3 b6 15. Rac1 Bb7 16. b4 Ne5 17. Nxe5 Qxe5 18. f3 Bc8 19. bxc5 bxc5 20. Qf2 Nd7 21. f4 Qc7 22. e5 c4 23. Be4 Nb6 24. Nd2 Na4 25. Nf3 Bb7 26. Bxb7 Rxb7 27. Rd2 Qa5 28. Bd4 Rfb8 29. Rcc2 Rb1+ 30. Kh2 Rf8 31. Qh4 Qc7 32. Ng5 h6 33. Ne4 Qb7 34. Re2 Rf1 35. Nd2 Rd1 36. Nxc4 Rc8 37. Ne3 Rd3 38. Red2 Rxd2 39. Rxd2 Nxc3 40. Bxc3 Rxc3 41. Nd5 Rc1 42. Qxe7 Qxe7 43. Nxe7+ Kf8 44. Rd7 g5 45. Nf5 1-0

[Event "Titled Tuesday intern op 01st Apr Early"]
[Site "Chess.com INT"]
[Date "2025.04.01"]
[Round "10"]
[White "Abdurakhmanov, Mukhmmadali"]
[Black "Laddha, Shubh Jayesh"]
[Result "1-0"]
[WhiteElo "2396"]
[BlackElo "2303"]
[PlyCount "93"]
[EventDate "2025.04.01"]
[EventType "swiss (blitz)"]
[EventRounds "11"]
[EventCountry "USA"]
[SourceTitle "CB15_2025"]
[SourceDate "2025.04.09"]
[SourceVersion "1"]
[SourceVersionDate "2025.04.09"]
[SourceQuality "1"]

1. a3 Nf6 2. Nf3 g6 3. b4 Bg7 4. Bb2 0-0 5. d3 d5 6. Nbd2 c6 7. e4 Bg4 8. Be2 e6 9. 0-0 Nbd7 10. h3 Bxf3 11. Bxf3 a5 12. Rb1 Qe7 13. Re1 Rfc8 14. b5 dxe4 15. bxc6 bxc6 16. dxe4 Nc5 17. Nc4 Rd8 18. Qe2 Na4 19. Ba1 Qc5 20. Red1 h6 21. e5 Nd5 22. Bd4 Ndc3 23. Bxc5 Nxe2+ 24. Bxe2 Nxc5 25. f4 g5 26. fxg5 hxg5 27. Bf3 Rab8 28. Rxb8 Rxb8 29. Bxc6 a4 30. Bf3 Bf8 31. Kh2 Rc8 32. Nd6 Rb8 33. Bh5 Bg7 34. Nxf7 Rf8 35. Nxg5 Bxe5+ 36. Kh1 Bb2 37. Bg4 Bxa3 38. Nxe6 Nxe6 39. Bxe6+ Kg7 40. Ra1 Bb2 41. Rxa4 Rf1+ 42. Kh2 Be5+ 43. g3 Rf2+ 44. Kg1 Rxc2 45. g4 Kf6 46. Bf5 Kg5 47. Bxc2 1-0

[Event "Titled Tuesday intern op 01st Apr Early"]
[Site "Chess.com INT"]
[Date "2025.04.01"]
[Round "4"]
[White "Abdurakhmanov, Mukhmmadali"]
[Black "Smirnov, Mark1"]
[Result "0-1"]
[WhiteElo "2396"]
[BlackElo "2336"]
[PlyCount "132"]
[EventDate "2025.04.01"]
[EventType "swiss (blitz)"]
[EventRounds "11"]
[EventCountry "USA"]
[SourceTitle "CB15_2025"]
[SourceDate "2025.04.09"]
[SourceVersion "1"]
[SourceVersionDate "2025.04.09"]
[SourceQuality "1"]

1. d4 Nf6 2. Nf3 d5 3. c4 e6 4. Nc3 Bb4 5. cxd5 exd5 6. Bg5 h6 7. Bxf6 Qxf6 8. Qa4+ Nc6 9. e3 0-0 10. Bb5 Qg6 11. 0-0 Bxc3 12. bxc3 Bh3 13. Ne1 Ne7 14. Kh1 Bf5 15. Qa3 Qd6 16. Qxd6 cxd6 17. Bd3 Rfc8 18. Rc1 Rc6 19. Bxf5 Nxf5 20. Nd3 Rac8 21. Nb4 Rxc3 22. Rxc3 Rxc3 23. Nxd5 Rc2 24. a4 Ra2 25. g4 Nh4 26. Nc3 Rc2 27. Nb5 d5 28. Nxa7 Kh7 29. Nb5 Kg6 30. h3 b6 31. Nd6 Rc6 32. Nb5 Rc2 33. Nd6 Rc6 34. Nf5 Nxf5 35. gxf5+ Kxf5 36. Rb1 Ke4 37. Kg2 Rg6+ 38. Kf1 Kf3 39. Rb5 Rg2 40. Rxd5 Rxf2+ 41. Kg1 Kxe3 42. Rb5 Rf6 43. d5 Kd4 44. Kg2 h5 45. Kg3 g6 46. h4 Kc4 47. Kg2 Rd6 48. Kg3 Kd4 49. Kf3 Rf6+ 50. Kg3 Ke4 51. Kg2 Kf4 52. Kh3 Ke5 53. Kg3 Rd6 54. Kf3 f6 55. Ke3 g5 56. Rb4 g4 57. Kf2 f5 58. Kg3 Rxd5 59. Rxb6 f4+ 60. Kf2 Rd2+ 61. Ke1 Ra2 62. Rb5+ Ke4 63. a5 g3 64. Rb4+ Kf3 65. Rb3+ Kg2 66. Rb5 f3 0-1

[Event "Titled Tuesday intern op 04th Mar Early"]
[Site "Chess.com INT"]
[Date "2025.03.04"]
[Round "1"]
[White "Gutkin, Ilya"]
[Black "Abdurakhmanov, Mukhmmadali"]
[Result "0-1"]
[WhiteElo "2311"]
[BlackElo "2396"]
[PlyCount "78"]
[EventDate "2025.03.04"]
[EventType "swiss (blitz)"]
[EventRounds "11"]
[EventCountry "USA"]
[SourceTitle "CB11_2025"]
[SourceDate "2025.03.12"]
[SourceVersion "1"]
[SourceVersionDate "2025.03.12"]
[SourceQuality "1"]

1. Nf3 Nf6 2. g3 d5 3. Bg2 Nbd7 4. d4 Nb6 5. 0-0 Bf5 6. a4 a5 7. b3 h6 8. Ba3 Nbd7 9. c4 e6 10. Bxf8 Nxf8 11. Nc3 Ng6 12. Ne5 0-0 13. f4 c6 14. h3 Nxe5 15. fxe5 Nh7 16. h4 Bg4 17. Qd3 f5 18. c5 g5 19. hxg5 hxg5 20. Kf2 Kg7 21. Rh1 Qe7 22. Bf3 Bxf3 23. exf3 Rh8 24. Ne2 Nf8 25. Qd2 Ng6 26. b4 axb4 27. Qxb4 Qc7 28. Ke3 Ra7 29. Nc3 Rxh1 30. Rxh1 f4+ 31. gxf4 Nxf4 32. Ne2 Nxe2 33. Kxe2 Qf7 34. Qd2 Qf5 35. Rg1 Kg6 36. Qb4 Qc2+ 37. Ke3 Rxa4 38. Qxb7 Ra3+ 39. Qb3 Rxb3# 0-1

[Event "Titled Tuesday intern op 04th Mar Early"]
[Site "Chess.com INT"]
[Date "2025.03.04"]
[Round "9"]
[White "Svane, Rasmus"]
[Black "Abdurakhmanov, Mukhmmadali"]
[Result "1/2-1/2"]
[WhiteElo "2627"]
[BlackElo "2396"]
[PlyCount "164"]
[EventDate "2025.03.04"]
[EventType "swiss (blitz)"]
[EventRounds "11"]
[EventCountry "USA"]
[SourceTitle "CB11_2025"]
[SourceDate "2025.03.12"]
[SourceVersion "1"]
[SourceVersionDate "2025.03.12"]
[SourceQuality "1"]

1. Nf3 d5 2. g3 Nd7 3. d4 Nb6 4. Bg2 Nf6 5. Nc3 h6 6. Qd3 g6 7. e4 dxe4 8. Nxe4 Nxe4 9. Qxe4 Bg7 10. 0-0 c6 11. c3 0-0 12. Re1 Nd5 13. Qe2 Bg4 14. h3 Bxf3 15. Bxf3 e6 16. h4 h5 17. Bg5 Qc7 18. c4 Nb6 19. Rad1 Rfe8 20. d5 cxd5 21. cxd5 e5 22. d6 Qd7 23. Be7 Nc8 24. Bg5 Nxd6 25. Qd3 Bf8 26. Bd5 Kh7 27. Bf6 Bg7 28. Bxg7 Kxg7 29. Bxf7 Kxf7 30. Qxd6 Qxd6 31. Rxd6 Re7 32. Rc1 Rae8 33. Kf1 Re6 34. Rxe6 Kxe6 35. Ke2 Re7 36. Ke3 Rd7 37. Rc8 a6 38. Rb8 Kf6 39. f3 Ke6 40. Rc8 Kf6 41. Rc4 Ke6 42. Rc2 Kf6 43. Rc3 Ke6 44. a4 Rd4 45. Rb3 Rxa4 46. Rxb7 a5 47. Rb6+ Kf5 48. Rb5 Kf6 49. b3 Ra3 50. Ke4 a4 51. Rb6+ Kf7 52. bxa4 Rxa4+ 53. Kxe5 Ra5+ 54. Kf4 Ra4+ 55. Kg5 Ra5+ 56. Kh6 Rf5 57. Rxg6 Rxf3 58. Rg5 Kf6 59. Kxh5 Rb3 60. Kg4 Rb4+ 61. Kh3 Rb1 62. Rc5 Rh1+ 63. Kg4 Ra1 64. Rf5+ Kg6 65. h5+ Kh6 66. Rf6+ Kg7 67. Kg5 Rg1 68. h6+ Kh7 69. g4 Rd1 70. Rf7+ Kg8 71. Kg6 Rd6+ 72. Rf6 Rd8 73. g5 Kh8 74. Kh5 Rd5 75. Re6 Kh7 76. Re7+ Kg8 77. Rg7+ Kh8 78. Rf7 Kg8 79. Kg6 Rxg5+ 80. Kxg5 Kxf7 81. Kf5 Kg8 82. Kg6 Kh8 1/2-1/2

[Event "Titled Tuesday intern op 25th Feb Early"]
[Site "Chess.com INT"]
[Date "2025.02.25"]
[Round "10"]
[White "Hasangatin, Ramil"]
[Black "Abdurakhmanov, Mukhmmadali"]
[Result "1-0"]
[WhiteElo "2444"]
[BlackElo "2396"]
[PlyCount "103"]
[EventDate "2025.02.25"]
[EventType "swiss (blitz)"]
[EventRounds "11"]
[EventCountry "USA"]
[SourceTitle "CB10_2025"]
[SourceDate "2025.03.05"]
[SourceVersion "1"]
[SourceVersionDate "2025.03.05"]
[SourceQuality "1"]

1. e4 c5 2. Nf3 d6 3. d4 cxd4 4. Qxd4 a6 5. Be3 e5 6. Qb6 Qxb6 7. Bxb6 Nd7 8. Be3 Ngf6 9. Nc3 b5 10. Nd2 Bb7 11. Bd3 b4 12. Na4 d5 13. f3 d4 14. Bg5 Bc6 15. b3 Bxa4 16. bxa4 Be7 17. Nc4 0-0 18. a5 h6 19. Bxf6 Bxf6 20. Ke2 Rfc8 21. Rhb1 Be7 22. g3 Rc7 23. f4 Rc5 24. Rxb4 Rac8 25. Rab1 exf4 26. gxf4 Bd8 27. Rb7 Nf6 28. Rb8 Nxe4 29. Bxe4 Rxc4 30. Bd3 R4c6 31. Bxa6 Rxb8 32. Rxb8 Rxa6 33. Rxd8+ Kh7 34. Rd5 g5 35. fxg5 hxg5 36. Rxg5 Rc6 37. Kd2 Rc4 38. Kd3 Rc3+ 39. Kxd4 Rxc2 40. a3 Ra2 41. Rg3 Rxh2 42. Kc5 Rc2+ 43. Kb4 f5 44. a6 Rc7 45. Kb5 f4 46. Rf3 Rf7 47. a4 Kg6 48. a7 Rxa7 49. Rxf4 Ra8 50. a5 Rb8+ 51. Kc6 Ra8 52. Ra4 1-0

[Event "Titled Tuesday intern op 11th Feb Early"]
[Site "Chess.com INT"]
[Date "2025.02.11"]
[Round "7"]
[White "Abdurakhmanov, Mukhmmadali"]
[Black "Moroni, Luca Jr"]
[Result "0-1"]
[WhiteElo "2396"]
[BlackElo "2552"]
[PlyCount "72"]
[EventDate "2025.02.11"]
[EventType "swiss (blitz)"]
[EventRounds "11"]
[EventCountry "USA"]
[SourceTitle "CB09_2025"]
[SourceDate "2025.02.27"]
[SourceVersion "1"]
[SourceVersionDate "2025.02.27"]
[SourceQuality "1"]

1. d4 g6 2. c4 Bg7 3. Nf3 d6 4. g3 Nc6 5. Bg2 Bd7 6. 0-0 Qc8 7. Re1 Bh3 8. d5 Ne5 9. Nxe5 Bxe5 10. e4 h5 11. Qf3 h4 12. Bxh3 Qxh3 13. Qg2 hxg3 14. hxg3 Qh5 15. Nd2 Nf6 16. Nf3 0-0-0 17. Be3 Ng4 18. a4 Rh7 19. a5 Rdh8 20. Bxa7 Bxb2 21. Rab1 Bc3 22. Rec1 Bxa5 23. Bd4 f6 24. c5 dxc5 25. Bxc5 Ne5 26. Nxe5 Qxe5 27. Rc4 b5 28. Rcc1 Bd2 29. Rd1 b4 30. Kf1 Qc3 31. Bxb4 Qc4+ 32. Kg1 Bxb4 33. d6 Bxd6 34. e5 Rh1+ 35. Qxh1 Rxh1+ 36. Kxh1 Qe4+ 0-1

[Event "Titled Tuesday intern op 11th Feb Early"]
[Site "Chess.com INT"]
[Date "2025.02.11"]
[Round "5"]
[White "Abdurakhmanov, Mukhmmadali"]
[Black "Piesik, Piotr"]
[Result "1-0"]
[WhiteElo "2396"]
[BlackElo "2422"]
[PlyCount "69"]
[EventDate "2025.02.11"]
[EventType "swiss (blitz)"]
[EventRounds "11"]
[EventCountry "USA"]
[SourceTitle "CB09_2025"]
[SourceDate "2025.02.27"]
[SourceVersion "1"]
[SourceVersionDate "2025.02.27"]
[SourceQuality "1"]

1. Nf3 g6 2. g3 Bg7 3. Bg2 d5 4. 0-0 Nf6 5. c4 c6 6. d4 0-0 7. Ne5 Nbd7 8. Nc3 Nxe5 9. dxe5 Ne4 10. cxd5 Nxc3 11. bxc3 cxd5 12. f4 e6 13. Ba3 Qb6+ 14. Qd4 Qxd4+ 15. cxd4 Rd8 16. Rfc1 Bf8 17. Bxf8 Kxf8 18. Kf2 b6 19. e4 Bb7 20. Rc7 Rab8 21. Ke3 dxe4 22. Bxe4 Bxe4 23. Kxe4 a5 24. Rac1 Ke8 25. R1c6 Rd7 26. g4 b5 27. Rc8+ Rd8 28. Rxd8+ Kxd8 29. f5 gxf5+ 30. gxf5 Kd7 31. Ra6 a4 32. Ra7+ Ke8 33. fxe6 fxe6 34. Rxh7 b4 35. Rh8+ 1-0